[Event "4th Al Ain Chess Classic"]
[Site "Al-Ain UAE"]
[Date "2015.12.25"]
[Round "3.38"]
[White "Harutyunian, Tigran K."]
[Black "Mkrtchyan, Sargis R."]
[Result "0-1"]
[WhiteTitle "IM"]
[WhiteElo "2448"]
[BlackElo "2236"]
[WhiteFideId "13303635"]
[BlackFideId "13307878"]
[EventDate "2015.12.23"]

1. d4 Nf6 2. c4 g6 3. Nc3 d5 4. Nf3 Bg7 5. cxd5 Nxd5 6. e4 Nxc3 7. bxc3 c5 8.
Be3 Qa5 9. Qd2 Nc6 10. Rb1 a6 11. Rc1 cxd4 12. cxd4 Qxd2+ 13. Kxd2 e6 14. h4 h6
15. e5 Bd7 16. Rb1 b5 17. Bd3 Ne7 18. Be4 Nd5 19. Rbc1 Bf8 20. Ke2 Ba3 21. Rc2
Ke7 22. Bxd5 exd5 23. Bc1 Bb4 24. a3 Ba5 25. Bd2 Bb6 26. Bb4+ Ke6 27. Rhc1 Rac8
28. Bc5 Ba5 29. Ke3 Kf5 30. Nh2 f6 31. g4+ Ke6 32. f4 fxe5 33. fxe5 Bd8 34. Nf3
Rh7 35. Kf4 Rf7+ 36. Kg3 a5 37. Rf2 b4 38. axb4 a4 39. Ra1 Bb5 40. Ra3 Rb8 41.
Rfa2 Ra8 42. Ra1 Ra6 43. Ng1 g5 44. h5 Rf4 45. Nh3 Rf7 46. Nf2 Bb6 47. Nd3 Bxd3
48. Rxd3 Bxc5 49. bxc5 Rf4 50. Raa3 Kd7 51. Rf3 Rxd4 52. Rf7+ Kc6 53. Rf6+ Kb5
54. Re3 Ra8 55. e6 a3 56. e7 a2 57. Ra6 Rxa6 58. e8=Q+ Kc4 59. Re1 Ra3+ 60. Kg2
a1=Q 61. Qe2+ Kxc5 62. Rxa1 Rxa1 63. Qe7+ Kc4 64. Qc7+ Kd3 65. Qg3+ Kc2 66. Qc7+
Rc4 67. Qf7 Rd1 68. Qg6+ Re4 69. Qc6+ Rc4 70. Qg6+ Kc1 71. Kg3 d4 72. Kf3 Rc3+
73. Ke4 Re3+ 74. Kd5 d3 75. Kd4 Rde1 76. Qc6+ Kd2 77. Qxh6 Re4+ 78. Kd5 Rxg4 79.
Qf6 Ree4 80. Qf2+ Kd1 81. h6 d2 82. h7 Rd4+ 83. Kc5 Rc4+ 84. Kb5 Rb4+ 85. Ka5
Ra4+ 86. Kb5 Rgb4+ 87. Kc5 Rh4 88. Kb5 Raf4 89. Qg1+ Kc2 90. Qc5+ Kb2 91. Qe5+
Rd4 92. h8=Q d1=Q 93. Qc8 Qa4+ 94. Kb6 Rh6+ 95. Kb7 Qa6+ 96. Kb8 Rb6+ 0-1

[Event "4th Al Ain Chess Classic"]
[Site "Al-Ain UAE"]
[Date "2015.12.25"]
[Round "3.39"]
[White "Wafa, Shrook"]
[Black "Labib, Ibrahim Hasan"]
[Result "0-1"]
[WhiteTitle "WGM"]
[BlackTitle "IM"]
[WhiteElo "2115"]
[BlackElo "2434"]
[WhiteFideId "10609970"]
[BlackFideId "10600426"]
[EventDate "2015.12.23"]

1. e4 c6 2. d4 d5 3. exd5 cxd5 4. c4 Nf6 5. Nc3 e6 6. c5 Be7 7. Nf3 O-O 8. Qc2
b6 9. b4 Nc6 10. Qa4 bxc5 11. Qxc6 Bd7 12. Qa6 cxd4 13. Nxd4 Bxb4 14. Bd2 Rc8
15. Ne4 Nxe4 16. Bxb4 Qf6 17. Qd3 Qxf2+ 18. Kd1 Qb2 0-1

[Event "4th Al Ain Chess Classic"]
[Site "Al-Ain UAE"]
[Date "2015.12.25"]
[Round "3.40"]
[White "Baghdasaryan, Vahe"]
[Black "Mammadova, Narmin"]
[Result "1-0"]
[WhiteTitle "IM"]
[BlackTitle "WCM"]
[WhiteElo "2432"]
[BlackElo "2167"]
[WhiteFideId "13303139"]
[BlackFideId "13403710"]
[EventDate "2015.12.23"]

1. c4 e5 2. Nc3 Nc6 3. g3 Nf6 4. Bg2 Bc5 5. e3 O-O 6. Nge2 Re8 7. a3 Bf8 8. O-O
a5 9. d4 d6 10. d5 Ne7 11. Rb1 Bd7 12. b4 axb4 13. axb4 Qc8 14. e4 Ng6 15. f3
Nh5 16. Rb3 Bh3 17. Be3 Bxg2 18. Kxg2 f5 19. c5 f4 20. Bf2 Qd8 21. g4 Nf6 22.
cxd6 cxd6 23. Qd3 Qd7 24. Qb5 Qe7 25. Na4 h6 26. Rc3 Qd7 27. Qxd7 Nxd7 28. Nb2
Ra2 29. Rb1 Nf6 30. Rc7 Re7 31. Rcc1 b5 32. Nc3 Ra8 33. Nxb5 Rb7 34. Nc7 Ra2 35.
b5 Be7 36. Rc6 Nd7 37. Kf1 Nb8 38. Na6 Nxa6 39. Rxa6 Rxa6 40. bxa6 Rb8 41. a7
Ra8 42. Nc4 1-0

[Event "4th Al Ain Chess Classic"]
[Site "Al-Ain UAE"]
[Date "2015.12.25"]
[Round "3.41"]
[White "Omar, Noaman"]
[Black "Arjun Kalyan"]
[Result "1/2-1/2"]
[WhiteTitle "IM"]
[WhiteElo "2403"]
[BlackElo "2107"]
[WhiteFideId "9300244"]
[BlackFideId "35018701"]
[EventDate "2015.12.23"]

1. d4 Nf6 2. c4 e6 3. Nc3 d5 4. cxd5 exd5 5. Bg5 Be7 6. e3 O-O 7. Bd3 Nbd7 8.
Nf3 b6 9. Qc2 Bb7 10. O-O h6 11. Bh4 c5 12. Rad1 Re8 13. Ne5 Nxe5 14. dxe5 Ng4
15. Bg3 Bh4 16. Bf4 Nxe5 17. Be4 Qe7 18. Nxd5 Bxd5 19. Bxd5 Rad8 20. Qf5 Bf6 21.
b3 Ng6 22. Bg3 Bh4 23. Rd2 Bxg3 24. hxg3 Qf6 25. Qxf6 gxf6 26. f4 Ne7 27. e4 f5
28. Rfd1 Kg7 29. e5 Nxd5 30. Rxd5 Rxd5 31. Rxd5 Re7 32. Rd6 Re6 33. Rd7 a6 34.
Rb7 h5 35. Kh2 Rc6 36. a4 Kg6 37. Kh3 Re6 38. Rc7 Kg7 39. a5 bxa5 40. Rxc5 f6
41. Rxa5 Kg6 42. Kh4 Rc6 43. exf6 Rc1 44. g4 Rh1+ 45. Kg3 h4+ 46. Kf3 Rf1+ 47.
Ke3 fxg4 48. Rg5+ Kxf6 49. Rxg4 h3 50. gxh3 Rb1 51. Rh4 Rxb3+ 52. Ke4 a5 53.
Rh6+ Kg7 54. Rh5 a4 55. h4 a3 56. Ra5 Rh3 57. h5 a2 58. Ke5 Rxh5+ 59. f5 Rh6 60.
Ra7+ Kf8 61. Ra8+ Kf7 62. Ra7+ Kf8 63. Rxa2 Rb6 64. Ra7 Rc6 65. Kf4 Rb6 66. Kg5
Rc6 67. Rh7 Ra6 68. Rh8+ Kf7 69. Rh7+ Kf8 70. Rb7 Rc6 71. f6 Rc1 1/2-1/2

[Event "4th Al Ain Chess Classic"]
[Site "Al-Ain UAE"]
[Date "2015.12.25"]
[Round "3.42"]
[White "Guliyev, Gasan"]
[Black "Mu, Ke"]
[Result "0-1"]
[WhiteElo "2019"]
[BlackElo "2403"]
[WhiteFideId "13404407"]
[BlackFideId "8602778"]
[EventDate "2015.12.23"]

1. e4 d6 2. c4 Nf6 3. Nc3 c5 4. g3 Nc6 5. Bg2 Bg4 6. f3 Be6 7. d3 g6 8. Be3 Bg7
9. Qd2 a6 10. Nge2 Rb8 11. Rd1 b5 12. b3 h5 13. h3 Qc8 14. Kf2 Bd7 15. Kg1 e5
16. Rf1 Nd4 17. f4 b4 18. Nd5 Nxd5 19. cxd5 a5 20. fxe5 Bxe5 21. Bf4 Qd8 22.
Nxd4 cxd4 23. Qf2 Qe7 24. h4 O-O 25. Bf3 Kg7 26. Be2 Rh8 27. Bc1 Rbc8 28. Bb2
Rc2 29. Bxd4 Bg4 30. Bxe5+ Qxe5 31. Qxf7+ Kh6 32. Qf4+ Qxf4 33. gxf4 Bxe2 34.
Rh2 Bxd3 35. Rxc2 Bxc2 36. e5 Bd3 37. Re1 Bf5 38. Kf2 Rc8 39. Ke3 Rc2 40. Kd4
Rxa2 41. exd6 a4 42. Kc4 axb3 43. Kxb3 Rd2 44. Kc4 b3 45. Re7 b2 46. Rb7 Be4 0-1

[Event "4th Al Ain Chess Classic"]
[Site "Al-Ain UAE"]
[Date "2015.12.25"]
[Round "3.43"]
[White "Al Hosani, Omran"]
[Black "Visakh N R"]
[Result "0-1"]
[WhiteTitle "CM"]
[BlackTitle "IM"]
[WhiteElo "1817"]
[BlackElo "2388"]
[WhiteFideId "9308733"]
[BlackFideId "25012223"]
[EventDate "2015.12.23"]

1. d4 Nf6 2. c4 e6 3. Nf3 Bb4+ 4. Nbd2 d5 5. Qa4+ Nc6 6. a3 Bxd2+ 7. Bxd2 Ne4 8.
Rd1 O-O 9. Bf4 Ne7 10. h3 Bd7 11. Qc2 c6 12. e3 b5 13. c5 Ng6 14. Bh2 f5 15. Bd3
Ng5 16. Nxg5 Qxg5 17. f4 Qd8 18. Kd2 Qa5+ 19. Qc3 Qc7 20. g4 a5 21. Qc2 b4 22.
a4 b3 23. Qxb3 Rfb8 24. Qc3 Bc8 25. Rb1 Rb4 26. b3 Qf7 27. Bg3 Ba6 28. Bxa6 Rxa6
29. g5 Nf8 30. h4 Qh5 31. Qc2 Ra8 32. Qd1 Qf7 33. Rb2 Rab8 34. Kc3 Qb7 35. Qc2
Qd7 36. Qd1 Qe7 37. Qc2 Qe8 38. Rhb1 Qh5 39. Qd1 Qf7 40. Qc2 h6 41. Qd1 Kh8 42.
Be1 e5 43. Kc2 exd4 44. Bxb4 Rxb4 45. gxh6 gxh6 46. exd4 Ne6 47. Qe1 Nxd4+ 48.
Kd3 Kh7 49. Qg3 Ne6 50. Rf2 Nxc5+ 51. Kc2 Ne4 52. Qe3 d4 53. Qf3 d3+ 54. Kxd3
Qd5+ 55. Ke3 Qc5+ 0-1

[Event "4th Al Ain Chess Classic"]
[Site "Al-Ain UAE"]
[Date "2015.12.25"]
[Round "3.44"]
[White "Kokol, Peter"]
[Black "Ahmed, Fareed"]
[Result "0-1"]
[WhiteTitle "FM"]
[BlackTitle "FM"]
[WhiteElo "2363"]
[BlackElo "1970"]
[WhiteFideId "14604523"]
[BlackFideId "9303677"]
[EventDate "2015.12.23"]

1. Nf3 Nf6 2. g3 b5 3. Bg2 Bb7 4. b3 e6 5. Bb2 Be7 6. d3 c5 7. c4 b4 8. Nbd2 d6
9. e4 Nc6 10. d4 Nxd4 11. Nxd4 cxd4 12. Bxd4 O-O 13. O-O Nd7 14. Qg4 e5 15. Bb2
Nc5 16. Qe2 a5 17. f4 a4 18. fxe5 dxe5 19. Bxe5 f6 20. Bf4 axb3 21. Nf3 Rxa2 22.
Rxa2 bxa2 23. Qxa2 Bxe4 24. Re1 b3 25. Qe2 Qb6 26. Kh1 Bd6 27. Be3 Re8 28. Bd4
Re7 29. Qd2 Qc6 30. Re3 Ne6 31. Bb2 Ng5 32. Nh4 Qxc4 33. Qe1 Bxg2+ 34. Nxg2 Rxe3
35. Nxe3 Qe4+ 36. Ng2 Qxe1+ 37. Nxe1 Be5 38. Nd3 Bxb2 39. Nxb2 Kf7 40. Kg2 Ke6
41. Kf2 Kd5 42. Ke3 Kc5 43. h4 Ne6 44. Ke4 Kb4 45. Kd5 Nc5 46. Kd4 Na4 47. Nd3+
Kb5 48. Kd5 h5 49. Kd4 b2 50. Nxb2 Nxb2 51. Ke4 Nc4 0-1

[Event "4th Al Ain Chess Classic"]
[Site "Al-Ain UAE"]
[Date "2015.12.25"]
[Round "3.45"]
[White "Anurag, Mhamal"]
[Black "Mayed AlRashedi"]
[Result "1-0"]
[WhiteTitle "IM"]
[BlackTitle "FM"]
[WhiteElo "2390"]
[BlackElo "1895"]
[WhiteFideId "5024366"]
[BlackFideId "9303871"]
[EventDate "2015.12.23"]

1. Nf3 Nf6 2. b3 g6 3. Bb2 Bg7 4. g3 d5 5. Bg2 c5 6. c4 d4 7. b4 Nc6 8. bxc5 e5
9. d3 O-O 10. Nbd2 Re8 11. O-O h6 12. Rb1 Bf8 13. Nb3 Nd7 14. e3 dxe3 15. fxe3
e4 16. Nfd2 exd3 17. Bd5 Nde5 18. Ne4 Bf5 19. Nbd2 Rc8 20. g4 Bxe4 21. Nxe4 Be7
22. Rxf7 Nxf7 23. Qf3 Rf8 24. Rf1 Kh7 25. Qxf7+ Rxf7 26. Rxf7+ Kg8 27. Rg7+ 1-0

[Event "4th Al Ain Chess Classic"]
[Site "Al-Ain UAE"]
[Date "2015.12.25"]
[Round "3.46"]
[White "Parvanyan, Ashot"]
[Black "Mammadzada, Gunay"]
[Result "1-0"]
[BlackTitle "WGM"]
[WhiteElo "2197"]
[BlackElo "2341"]
[WhiteFideId "13307550"]
[BlackFideId "13403729"]
[EventDate "2015.12.23"]

1. e4 c5 2. Nf3 d6 3. d4 cxd4 4. Nxd4 Nf6 5. Nc3 a6 6. Be3 e5 7. Nf3 Qc7 8. a4
Be6 9. Be2 Be7 10. O-O O-O 11. a5 h6 12. Nd5 Nxd5 13. exd5 Bg4 14. Bb6 Qc8 15.
Nd2 Bxe2 16. Qxe2 Nd7 17. Nc4 f5 18. f4 e4 19. Kh1 Qe8 20. Bd4 Nf6 21. Ne3 Qd7
22. c4 Rac8 23. h3 h5 24. g3 Rf7 25. Rac1 g6 26. b4 Qd8 27. g4 hxg4 28. hxg4
Rh7+ 29. Kg2 Rh4 30. Bxf6 Bxf6 31. gxf5 Qd7 32. Rh1 Rxf4 33. fxg6 Bh4 34. Qh5
Qe7 35. Nf5 Qg5+ 36. Qxg5 Bxg5 37. Nxd6 Rd8 38. Nf7 1-0

[Event "4th Al Ain Chess Classic"]
[Site "Al-Ain UAE"]
[Date "2015.12.25"]
[Round "3.47"]
[White "Rahul Srivatshav P"]
[Black "Zozulia, Anna"]
[Result "1/2-1/2"]
[BlackTitle "IM"]
[WhiteElo "2086"]
[BlackElo "2335"]
[WhiteFideId "25059653"]
[BlackFideId "14102110"]
[EventDate "2015.12.23"]

1. d4 c5 2. d5 Nf6 3. Nc3 d6 4. e4 g6 5. Bb5+ Nbd7 6. a4 a6 7. Be2 b6 8. Nf3 Bg7
9. O-O O-O 10. h3 Rb8 11. Re1 Qc7 12. Be3 Re8 13. Nd2 e6 14. dxe6 Rxe6 15. f4 d5
16. Bf2 dxe4 17. Bc4 Rd6 18. Qe2 Bb7 19. Rad1 e3 20. Bxe3 Re8 21. Qf2 Nh5 22.
Nf3 h6 23. Rxd6 Qxd6 24. Ne5 Re7 25. Rd1 Qc7 26. Nxg6 Re8 27. Nd5 Bxd5 28. Rxd5
Nhf6 29. Rd1 Ne4 30. Qf3 Nd6 31. Bd5 Nf6 32. Ba2 c4 33. Ne5 b5 34. axb5 axb5 35.
c3 Nf5 36. Bf2 Rd8 37. Bb1 Rxd1+ 38. Qxd1 Ne7 39. Qd4 Nfd5 40. g3 Qd6 41. Be4
Qe6 42. Kg2 Bf6 43. Qa7 Kg7 44. Qd7 Bxe5 45. Qxe6 fxe6 46. fxe5 Nc6 47. Bc5 Kf7
48. Bd6 Na5 49. Kf3 Nb3 50. Bxd5 exd5 51. Ke3 Ke6 52. g4 Nc1 53. h4 Nd3 54. Kd4
Nxb2 55. g5 hxg5 56. hxg5 Nd3 57. g6 Nf4 58. g7 Kf7 59. Bf8 Ne6+ 60. Kxd5 b4 61.
cxb4 c3 62. b5 Nxf8 63. gxf8=Q+ Kxf8 64. b6 c2 65. b7 c1=Q 66. b8=Q+ Ke7 67.
Qd6+ Ke8 68. Qg6+ Ke7 69. Qe6+ Kd8 70. Qg8+ Ke7 71. Qh7+ Ke8 72. Qh5+ Ke7 73.
Qh4+ Ke8 74. Qa4+ Ke7 75. Qb4+ Ke8 76. Ke6 Qh6+ 77. Kd5 Qh1+ 78. Ke6 Qh6+ 79.
Kd5 Qh1+ 1/2-1/2

[Event "4th Al Ain Chess Classic"]
[Site "Al-Ain UAE"]
[Date "2015.12.25"]
[Round "3.48"]
[White "Danielyan, Vahe"]
[Black "Khalafova, Narmin"]
[Result "0-1"]
[BlackTitle "WIM"]
[WhiteElo "2307"]
[BlackElo "2138"]
[WhiteFideId "13304828"]
[BlackFideId "13402625"]
[EventDate "2015.12.23"]

1. e4 c5 2. Nf3 d6 3. d4 cxd4 4. Nxd4 Nf6 5. Nc3 a6 6. g3 e5 7. Nde2 Be7 8. Bg2
O-O 9. O-O Nbd7 10. a4 b6 11. Nd5 Nxd5 12. Qxd5 Rb8 13. Nc3 Bb7 14. Qa2 Nf6 15.
Rd1 Qc7 16. Qb3 Bc8 17. Be3 Be6 18. Nd5 Bxd5 19. exd5 Ng4 20. Bd2 f5 21. h3 Nf6
22. Qd3 Nh5 23. Qxa6 Qxc2 24. Bf3 Nf6 25. Qa7 Rfe8 26. Bc3 f4 27. g4 Qg6 28. Re1
h5 29. Kh2 hxg4 30. Rg1 Qc2 31. Bxg4 Qxf2+ 32. Kh1 Ne4 33. Be1 Qxb2 34. Rd1 Nf2+
35. Bxf2 Qxf2 36. Rg2 Qh4 37. Qd7 Qf6 38. Bh5 Red8 39. Qg4 f3 40. Rg3 f2 41. Rf1
Rbc8 42. Rxf2 Rc4 43. Qe2 Rf4 44. Rfg2 Rf1+ 45. Kh2 Qf4 46. Bf3 Rc1 47. Qe4 Bf6
48. Qg6 e4 49. Bxe4 Be5 50. Qh7+ Kf8 51. h4 Rc4 52. Kh3 Rc3 53. Bd3 Qf7 54. Re3
Rc1 55. Bf5 Rh1+ 56. Kg4 Rf1 57. Re4 Ke7 58. Rc2 Kf6 59. Be6 Qg6+ 60. Qxg6+ Kxg6
61. Rc6 Rdf8 62. Rxb6 0-1

[Event "4th Al Ain Chess Classic"]
[Site "Al-Ain UAE"]
[Date "2015.12.25"]
[Round "3.49"]
[White "San Juan, Dennis"]
[Black "Nitish, Belurkar"]
[Result "0-1"]
[BlackTitle "CM"]
[WhiteElo "2101"]
[BlackElo "2304"]
[WhiteFideId "5207533"]
[BlackFideId "5084768"]
[EventDate "2015.12.23"]

1. d4 d6 2. Nf3 Bg4 3. Nbd2 Nf6 4. g3 Nbd7 5. e4 e5 6. c3 c6 7. Bg2 Be7 8. O-O
O-O 9. b3 Re8 10. Re1 Bf8 11. Ba3 Qc7 12. Qc2 Rad8 13. Rad1 h6 14. h3 Bh5 15. g4
Bg6 16. Nh4 Bh7 17. Nf5 Bxf5 18. exf5 exd4 19. cxd4 d5 20. Bc1 Bd6 21. a3 Bf4
22. Nf1 Nb6 23. Qd3 Nc8 24. Qf3 Bxc1 25. Rxc1 Nd6 26. a4 Qb6 27. Qc3 Nde4 28.
Qd3 Qb4 29. f3 Nd6 30. Kf2 Nc8 31. Ng3 Nb6 32. h4 Rxe1 33. Rxe1 c5 34. dxc5
Qxc5+ 35. Kf1 Qd6 36. Kf2 Qf4 37. Bh3 d4 38. Kg2 Nbd5 39. Nf1 Qd6 40. Re4 Nxe4
41. Qxe4 d3 0-1

[Event "4th Al Ain Chess Classic"]
[Site "Al-Ain UAE"]
[Date "2015.12.25"]
[Round "3.50"]
[White "Iniyan, P"]
[Black "Ali, Abdulaziz"]
[Result "1-0"]
[WhiteElo "2275"]
[BlackElo "1855"]
[WhiteFideId "25002767"]
[BlackFideId "9304347"]
[EventDate "2015.12.23"]

1. Nf3 Nf6 2. g3 d5 3. Bg2 g6 4. O-O Bg7 5. d3 O-O 6. Nbd2 c5 7. Re1 Nc6 8. e4
d4 9. a4 e5 10. Nc4 Qc7 11. c3 Be6 12. cxd4 cxd4 13. b3 h6 14. Ba3 Rfd8 15. Rc1
Bxc4 16. Rxc4 Bf8 17. Bxf8 Rxf8 18. Qd2 Kg7 19. b4 Qb6 20. b5 Nb8 21. Nxe5 Rd8
22. Nf3 Nbd7 23. e5 1-0

[Event "4th Al Ain Chess Classic"]
[Site "Al-Ain UAE"]
[Date "2015.12.25"]
[Round "3.51"]
[White "Saiid, Samir"]
[Black "Anisuzzaman, Jewel"]
[Result "0-1"]
[WhiteElo "2200"]
[BlackElo "2078"]
[WhiteFideId "10601546"]
[BlackFideId "10204695"]
[EventDate "2015.12.23"]

1. e4 d5 2. exd5 Qxd5 3. Nc3 Qd6 4. d4 Nf6 5. Nf3 Bg4 6. Be2 c6 7. Bg5 Nbd7 8.
Qd2 e6 9. Bf4 Qb4 10. a3 Qa5 11. O-O Be7 12. b4 0-1

[Event "4th Al Ain Chess Classic"]
[Site "Al-Ain UAE"]
[Date "2015.12.25"]
[Round "3.52"]
[White "Afshar, Niusha"]
[Black "Hesham, Abdelrahman"]
[Result "0-1"]
[BlackTitle "IM"]
[WhiteElo "1961"]
[BlackElo "2398"]
[WhiteFideId "12509892"]
[BlackFideId "10600183"]
[EventDate "2015.12.23"]

1. e4 c5 2. c3 Nf6 3. e5 Nd5 4. d4 cxd4 5. Nf3 Nc6 6. cxd4 d6 7. Bc4 Nb6 8. Bb5
dxe5 9. Nxe5 Bd7 10. Nc3 Nxe5 11. dxe5 Bxb5 12. Qxd8+ Rxd8 13. Nxb5 a6 14. Nc3
e6 15. Ke2 Bb4 16. Nb1 O-O 17. Bd2 Nd5 18. Nc3 Bxc3 19. Bxc3 Rc8 20. Rac1 Rc4
21. f3 Nf4+ 22. Kf1 Rd8 23. g3 Nd3 24. Rd1 Rd5 25. Ke2 Nxb2 26. Rxd5 exd5 27.
Bxb2 Rc2+ 28. Kd3 Rxb2 29. Rc1 h5 30. Rc8+ Kh7 31. Rc7 Kg6 32. Rd7 Rxh2 33. Rxb7
Rxa2 34. Rd7 Rg2 35. Rxd5 Rxg3 36. Ke4 h4 37. Rd6+ Kg5 38. Rxa6 h3 39. Ra8 Rg2
40. Rh8 Re2+ 41. Kd3 Rxe5 42. Rxh3 Kf4 43. Kd2 Rg5 44. Ke2 Rg2+ 45. Kf1 Rg3 46.
Rxg3 Kxg3 47. Ke2 f5 48. Ke3 g5 49. Ke2 f4 0-1

[Event "4th Al Ain Chess Classic"]
[Site "Al-Ain UAE"]
[Date "2015.12.25"]
[Round "3.53"]
[White "Abucejo, Armel N"]
[Black "Prathamesh, Sunil Mokal"]
[Result "0-1"]
[BlackTitle "IM"]
[WhiteElo "2032"]
[BlackElo "2393"]
[WhiteFideId "5213266"]
[BlackFideId "5006040"]
[EventDate "2015.12.23"]

1. Nf3 c5 2. g3 g6 3. Bg2 Bg7 4. O-O Nc6 5. e4 d6 6. d3 e5 7. a4 Nge7 8. Nbd2
O-O 9. Re1 h6 10. Nc4 Be6 11. Bd2 Qd7 12. Rb1 f5 13. c3 fxe4 14. Rxe4 Bf5 15.
Ne3 Bxe4 16. dxe4 Kh7 17. Qe2 Na5 18. b3 a6 19. c4 Nac6 20. Bc3 Nd4 21. Bxd4
exd4 22. Nc2 b5 23. axb5 axb5 24. Nce1 bxc4 25. bxc4 Rfb8 26. Rc1 Ra3 27. h4 Rc3
28. Rd1 Qe6 29. h5 Qxc4 30. hxg6+ Nxg6 31. Qd2 Ra3 32. Rc1 Qe6 33. Rc2 Rbb3 34.
Nh2 d3 35. Ra2 Bc3 0-1

[Event "4th Al Ain Chess Classic"]
[Site "Al-Ain UAE"]
[Date "2015.12.25"]
[Round "3.54"]
[White "Parnali, S Dharia"]
[Black "Harsha, Bharathakoti"]
[Result "1-0"]
[WhiteTitle "WIM"]
[WhiteElo "2002"]
[BlackElo "2362"]
[WhiteFideId "5043131"]
[BlackFideId "5078776"]
[EventDate "2015.12.23"]

1. d4 e6 2. c4 Bb4+ 3. Bd2 a5 4. g3 Nf6 5. Bg2 O-O 6. Nf3 d6 7. O-O Bxd2 8.
Nbxd2 Nbd7 9. Qc2 e5 10. c5 exd4 11. c6 Nc5 12. Nxd4 b6 13. Nc4 Re8 14. Nxb6 Rb8
15. Nc4 a4 16. Rfd1 Ba6 17. b3 Rb4 18. Ne3 Qe7 19. Nef5 Qf8 20. Qc3 Reb8 21. Nc2
R4b6 22. b4 Nce4 23. Qe3 Re8 24. Nfd4 Bc4 25. Qa3 d5 26. Rab1 Reb8 27. Rb2 h5
28. f3 Nd6 29. Ne3 Qe8 30. Kf2 Bb5 31. Rc2 h4 32. Nxb5 Nxb5 33. Qc1 Qe6 34. Rc5
d4 35. Nf5 Nc3 36. Rxd4 Qxe2+ 37. Kg1 Ncd5 38. Qg5 g6 39. Rxh4 Qe1+ 40. Bf1 Nh7
41. Rxh7 1-0

[Event "4th Al Ain Chess Classic"]
[Site "Al-Ain UAE"]
[Date "2015.12.25"]
[Round "3.56"]
[White "Abtini, Hasan"]
[Black "Gadimbayli, Abdulla"]
[Result "0-1"]
[BlackTitle "FM"]
[WhiteElo "1992"]
[BlackElo "2320"]
[WhiteFideId "7601506"]
[BlackFideId "13404938"]
[EventDate "2015.12.23"]

1. Nf3 d5 2. g3 c6 3. b3 Nf6 4. Bg2 Bg4 5. Bb2 Nbd7 6. O-O Qc7 7. d4 e6 8. Nbd2
Be7 9. c4 O-O 10. Qe1 Rfe8 11. Rc1 Rad8 12. c5 h6 13. b4 Bf5 14. h3 Ne4 15. Ne5
Nxd2 16. Qxd2 Nf6 17. f3 Bh7 18. Qf4 Rc8 19. e4 Rf8 20. g4 Nd7 21. Qe3 dxe4 22.
fxe4 Nxe5 23. dxe5 Bg5 24. Qe1 Bxc1 25. Qxc1 Rcd8 26. g5 hxg5 27. Qxg5 Qd7 0-1

[Event "4th Al Ain Chess Classic"]
[Site "Al-Ain UAE"]
[Date "2015.12.25"]
[Round "3.57"]
[White "Kurbonboeva, Sarvinoz"]
[Black "Asgarova, Turan"]
[Result "1-0"]
[WhiteTitle "WIM"]
[WhiteElo "2295"]
[BlackElo "1935"]
[WhiteFideId "14201780"]
[BlackFideId "13403451"]
[EventDate "2015.12.23"]

1. d4 Nf6 2. c4 e5 3. dxe5 Ng4 4. Nf3 Nc6 5. Nc3 Bc5 6. e3 Ngxe5 7. Nxe5 Nxe5 8.
Be2 O-O 9. O-O d6 10. Na4 Be6 11. b3 Qh4 12. Nxc5 dxc5 13. Bb2 Ng4 14. h3 Nf6
15. Bf3 Rad8 16. Qe2 c6 17. Rad1 Qg5 18. Rxd8 Rxd8 19. Rd1 Rxd1+ 20. Qxd1 Nd7
21. Kh1 h6 22. Be4 Bf5 23. Qd3 Bxe4 24. Qxe4 Nf6 25. Qe7 Qf5 26. Bxf6 gxf6 27.
Qxb7 Qxf2 28. Qxa7 Qxe3 29. Qa8+ Kg7 30. Qxc6 Qf2 31. Kh2 Qxa2 32. Qxc5 Qxb3 33.
Qe7 Qb2 34. c5 f5 35. c6 Qc1 36. Qe5+ f6 37. Qd6 Qc4 38. Qe7+ Kg6 39. c7 Qf4+
40. Kg1 Qc1+ 41. Kf2 Qf4+ 42. Ke2 Qc4+ 43. Kf3 Qc3+ 44. Kf4 Qd2+ 45. Kg3 Qg5+
46. Kf3 Qh5+ 47. Kf2 Qh4+ 48. Kg1 Qd4+ 49. Kh1 1-0

[Event "4th Al Ain Chess Classic"]
[Site "Al-Ain UAE"]
[Date "2015.12.25"]
[Round "3.58"]
[White "Mohannad, Farhan"]
[Black "Soyunlu, Narmin"]
[Result "1-0"]
[WhiteTitle "FM"]
[WhiteElo "2253"]
[BlackElo "1919"]
[WhiteFideId "8100918"]
[BlackFideId "13400843"]
[EventDate "2015.12.23"]

1. d4 e6 2. e4 d5 3. Nc3 Nf6 4. e5 Nfd7 5. f4 c5 6. Nf3 Nc6 7. Be3 Be7 8. Qd2
O-O 9. dxc5 Bxc5 10. Bxc5 Nxc5 11. O-O-O Qa5 12. Nd4 Bd7 13. h4 Rfc8 14. h5 Nxd4
15. Qxd4 b5 16. a3 Rab8 17. Qb4 Qb6 18. f5 a5 19. Qg4 exf5 20. Qf4 Ne6 21. Nxd5
Qc5 22. Qd2 Bc6 23. Ne3 Qxe5 24. h6 g6 25. Bd3 Nc5 26. Rhe1 Be4 27. Kb1 Rd8 28.
Qxa5 Bxd3 29. cxd3 Qf4 30. Nc2 Qxh6 31. Qa7 Ne6 32. d4 Nf4 33. d5 Qf8 34. Nb4
Ra8 35. Qc7 Qd6 36. Re8+ 1-0

[Event "4th Al Ain Chess Classic"]
[Site "Al-Ain UAE"]
[Date "2015.12.25"]
[Round "3.59"]
[White "Pujari, Rucha"]
[Black "Musallam Salim Al Aamri"]
[Result "1-0"]
[WhiteTitle "WFM"]
[WhiteElo "2158"]
[BlackElo "1888"]
[WhiteFideId "5024528"]
[BlackFideId "22000399"]
[EventDate "2015.12.23"]

1. d4 d5 2. c4 c6 3. Nf3 Nf6 4. Nc3 Bf5 5. cxd5 Nxd5 6. Qb3 Qb6 7. Qxb6 axb6 8.
Nxd5 cxd5 9. e3 e6 10. Bb5+ Nc6 11. Ne5 Rc8 12. e4 Bxe4 13. f3 Bg6 14. Bf4 Bb4+
15. Kf2 Ke7 16. Nxc6+ bxc6 17. Ba6 Rcd8 18. Rhc1 Bd6 19. Be3 Rc8 20. Bxc8 Rxc8
21. a4 Bb4 22. Ke2 Kd7 23. Bd2 Bxd2 24. Kxd2 Ra8 25. b4 f6 26. f4 Be8 27. a5 b5
28. Rc3 Kd6 29. Rac1 Ra6 30. Re1 Ra7 31. Rce3 Bf7 32. f5 exf5 33. Re7 1-0

[Event "4th Al Ain Chess Classic"]
[Site "Al-Ain UAE"]
[Date "2015.12.25"]
[Round "3.60"]
[White "Wettasinha, Vasanta"]
[Black "Hakobyan, Hovhannes H."]
[Result "0-1"]
[WhiteElo "1858"]
[BlackElo "2112"]
[WhiteFideId "9904433"]
[BlackFideId "13306308"]
[EventDate "2015.12.23"]

1. d4 Nf6 2. Nc3 d5 3. Bg5 e6 4. f3 c5 5. e4 cxd4 6. Qxd4 Nc6 7. Bb5 Be7 8. exd5
exd5 9. O-O-O O-O 10. Qa4 Be6 11. Nge2 Qb6 12. Nf4 a6 13. Bd3 h6 14. Nxe6 fxe6
15. Bd2 Nb4 16. Bg6 Qc7 17. Qb3 b5 18. a3 Nc6 19. g3 Nd4 20. Qa2 Nxf3 21. Bf4
Bd6 22. Be3 Be5 23. Rhf1 Nxh2 24. Rxf6 Bxf6 25. Nxd5 exd5 26. Qxd5+ Kh8 27. Qh5
Qe5 0-1